| 000 | 00522nam a22001697a 4500 | ||
|---|---|---|---|
| 005 | 20260310152541.0 | ||
| 008 | 260309b |||||||| |||| 00| 0 eng d | ||
| 020 | _a978-81-7622-322-5 | ||
| 041 | _aeng | ||
| 082 | _a631.875 SIN-T | ||
| 100 |
_aSINGH, DR. KESHAV AND NATH, DR. GORAKH & SHUKLA, DR. RABISH CHANDRA AND BHARTIYA, DR. DEEPAK KUMAR _98881 |
||
| 245 | _aA TEXTBOOK OF VERMICOMPOST VERMIWASH AND BIOPESTICIDES | ||
| 260 |
_aNEW DELHI _bBIOTECH _c2025 |
||
| 300 | _a90;P | ||
| 650 | _aAGRICULTURE | ||
| 942 | _cBK | ||
| 999 |
_c9056 _d9054 |
||